[Event "Aarhusmesterskabet 2020"]
[Site "Aarhus"]
[Date "2020.02.14"]
[Round "2.3"]
[White "Fries-Nielsen, Jens Ove"]
[Black "Thybo, Thomas Sondergaard"]
[Result "1-0"]
[WhiteElo "2373"]
[BlackElo "2075"]
[Annotator "TA"]
[PlyCount "59"]
[EventDate "2020.02.14"]
[EventType "swiss"]
[EventCountry "DEN"]
[SourceTitle "playchess.com"]
[Source "ChessBase"]
[SourceQuality "1"]

{[%evp 12,59,33,26,43,-49,76,78,79,54,143,95,139,25,178,165,189,167,175,166,200,202,367,360,388,407,362,413,512,501,496,506,575,609,583,654,734,827,830,818,902,902,946,922,925,634,29989,29990,29990,29990]} 1. d4 Nf6 2. Nc3 d6 3. e4 e5 4. Nf3 exd4 5. Nxd4 Be7 6. Be2 Nc6 7. Be3 O-O {C47: Scotch Four Knights and Four Knights with 4 g3.} 8. g4 {[#]} (8. O-O $14) 8... Re8 $146 (8... d5 $15 {stays ahead.}) ({Predecessor:} 8... Nxd4 9. Bxd4 c5 10. Be3 Qa5 11. f3 b5 12. Bxb5 Rb8 13. Qd3 a6 14. Bc4 Rxb2 15. O-O {½-½ (71) Lutz,A (2003)-Hamlack,H (1988) Bayern 2015}) 9. g5 $16 Nd7 {White is better.} 10. Rg1 Nf8 (10... Nb6 $14) 11. Nd5 Be6 12. Nf6+ (12. Nxe6 $16 fxe6 13. Nc3 (13. Nxe7+ Qxe7 14. c3 Ng6 $14)) 12... gxf6 $2 {[#]} (12... Bxf6 $11 {and Black has nothing to worry.} 13. gxf6 g6) 13. gxf6+ $18 Ng6 14. fxe7 Qxe7 15. Qd2 Bd7 16. Nb5 Rac8 $2 (16... Qxe4 {was worth a try.} 17. Nxc7 {[%mdl 64] Double Attack} Nb4) 17. Nc3 f5 18. exf5 Bxf5 19. O-O-O Qf7 20. h4 Kh8 21. h5 Nge5 22. f4 Nd7 23. Nd5 Re4 24. Qc3+ Nf6 25. Bf3 Rf8 26. Rg5 Rxe3 27. Nxe3 Bd7 28. Rdg1 {Hoping for Bd5.} h6 29. Rg6 Kh7 {[#]} 30. Be4 {Played: Ne3-d5} 1-0

[Event "Aarhusmesterskabet 2020"]
[Site "Aarhus"]
[Date "2020.02.14"]
[Round "2.4"]
[White "Oehlerich, Per"]
[Black "Dumas, Charles"]
[Result "1-0"]
[WhiteElo "1935"]
[BlackElo "2289"]
[Annotator "TA"]
[PlyCount "53"]
[EventDate "2020.02.14"]
[EventType "swiss"]
[EventCountry "DEN"]
[SourceTitle "playchess.com"]
[Source "ChessBase"]
[SourceQuality "1"]

{[%evp 9,53,-17,0,-10,20,12,45,44,69,70,65,68,58,67,140,83,185,186,214,206,212,208,208,212,200,200,255,220,266,218,293,243,245,244,250,244,248,249,333,268,287,277,364,286,718,708]} 1. e4 c5 2. c3 d5 3. exd5 Qxd5 4. Nf3 Nc6 5. Qb3 Qxb3 6. axb3 {B22: Sicilian: 2 c3.} Nf6 7. Na3 {[%cal Bb1a3,Ba3b5,Bb5a7,Ba7c6,Bc6a5][%mdl 32] [#]} Bf5 $146 ({Predecessor:} 7... Bd7 8. d4 cxd4 9. Nb5 Rc8 10. Nbxd4 Nxd4 11. cxd4 e6 12. Bd2 a6 13. Ne5 Bd6 14. Nxd7 Kxd7 {0-1 (45) Burov,I (2075)-Kunin,V (2554) Werther 2014}) 8. Nb5 {[#] Nc7+ is the strong threat.White is slightly better.} Rc8 9. Nxa7 Ra8 10. Bb5 Bd7 11. Bxc6 $1 bxc6 (11... Bxc6 $14 12. d3 Bxf3 13. gxf3 Kd7) 12. Ra3 ({White should try} 12. Ne5) 12... e6 {[#]} (12... Nd5 $16 {was called for.}) 13. Ne5 $1 $18 Be7 14. Naxc6 Rxa3 15. bxa3 Bd6 16. Nxd7 Kxd7 17. Na5 Ne4 18. Nc4 Bf4 19. g3 Bg5 20. f3 Nd6 21. Nxd6 Kxd6 {[%mdl 4096] Endgame KRB-KRB} 22. Ke2 Kd5 23. c4+ Kd6 24. Kd3 Rb8 25. Kc2 f5 26. Bb2 g6 $2 (26... Bf6 27. Bxf6 gxf6) 27. f4 {Accuracy: White = 77%, Black = 28%.} 1-0

[Event "Aarhusmesterskabet 2020"]
[Site "Aarhus"]
[Date "2020.02.14"]
[Round "2.5"]
[White "Nielsen, Viktor Haarmark"]
[Black "Rasmussen, Lars Garne"]
[Result "1-0"]
[WhiteElo "2300"]
[BlackElo "1991"]
[Annotator "TA"]
[PlyCount "81"]
[EventDate "2020.02.14"]
[EventType "swiss"]
[EventCountry "DEN"]
[SourceTitle "playchess.com"]
[Source "ChessBase"]
[SourceQuality "1"]

{[%evp 23,81,0,28,0,-6,-12,-13,0,8,10,75,75,186,167,144,145,420,381,401,397,405,384,422,381,377,370,374,384,383,377,376,372,375,375,375,375,385,385,382,379,370,369,425,425,488,424,777,776,777,776,774,754,577,0,759,752,733,702,29986,29987]} 1. e4 e5 2. Nf3 Nc6 3. Bb5 a6 4. Ba4 Nf6 5. O-O Nxe4 6. d4 b5 7. Bb3 d5 8. dxe5 Be6 9. c3 Bc5 10. Nbd2 O-O 11. Bc2 Nxf2 {11...Nxf2 scores better than 11...Bf5.} 12. Rxf2 f6 13. Nf1 {Threatens to win with Be3. C82: Open Ruy Lopez: 9 c3 without 9...Be7.} Bxf2+ 14. Kxf2 fxe5 15. Kg1 {The position is equal.} Bg4 {Strongly threatening ...e4.} 16. Ne3 {[%cal Bf1e3,Be3g4,Bg4e5][%mdl 32]} Bxf3 (16... Be6 $1 $11 {remains equal.}) 17. gxf3 $16 {[#]} Qg5+ $146 (17... Ne7 $16 {keeps fighting.}) ({Predecessor:} 17... Ne7 18. Qd3 g6 19. Ng4 Qd6 20. Bh6 Rf5 21. Qe3 Rh5 22. Bg5 Rf8 23. f4 Nf5 24. Bxf5 gxf5 25. Nxe5 {1-0 (49) Svedberg,H (2105)-Dolgov,M (2016) Sweden 2012}) 18. Ng4 {[%mdl 1024] White has strong compensation.} Qd8 19. Qd3 $36 {[%mdl 2048] White threatens Nh6+! and mate. Black is under strong pressure.} g6 $2 {[%mdl 8192]} (19... e4 $16 {might work better.} 20. fxe4 Qh4) 20. Bb3 $18 Ne7 21. Bg5 c6 22. Re1 Qd6 23. Nxe5 Rae8 24. Ng4 {aiming for Nh6+.} Nf5 25. Rxe8 {[%mdl 64] [#] Overworked Piece} ({Less strong is} 25. Nf6+ Qxf6 26. Bxf6 Rxe1+ 27. Kf2 Rfe8 $16) 25... Rxe8 26. Nf6+ {[%mdl 64] Double Attack} Kf7 27. Nxe8 Kxe8 28. Qe2+ Kf7 29. Bc2 d4 30. Bxf5 gxf5 31. cxd4 Qxd4+ 32. Be3 Qh4 33. Qd2 Ke6 34. Bf4 Qh5 (34... Qe7 $142 35. Bg3 c5) 35. Qd6+ Kf7 36. Qd7+ Kf6 37. Qd8+ Kf7 38. Qd7+ Kf6 $1 39. Qxc6+ {[%mdl 64] [#] Double Attack} Kf7 40. Qc7+ Kf6 41. Be5+ {Accuracy: White = 95%, Black = 46%.} 1-0

[Event "Aarhusmesterskabet 2020"]
[Site "Aarhus"]
[Date "2020.02.14"]
[Round "2.6"]
[White "Nielsen, Marianne Izaura"]
[Black "Hansen, Lars Bo"]
[Result "0-1"]
[WhiteElo "1903"]
[BlackElo "2560"]
[Annotator "TA"]
[PlyCount "78"]
[EventDate "2020.02.14"]
[EventType "swiss"]
[EventCountry "DEN"]
[SourceTitle "playchess.com"]
[Source "ChessBase"]
[SourceQuality "1"]

{[%evp 11,78,-27,-13,-36,-40,-45,-32,-41,-5,-6,0,8,67,59,181,77,89,100,161,94,92,117,104,73,90,81,101,27,16,29,8,13,108,112,205,202,195,185,223,140,170,174,177,85,79,67,558,563,549,448,29957,1180,1766,390,529,337,29968,29969,29969,29969,5875,5306,29998,5126,29995,1860,29990,29991,29991]} 1. e4 e6 2. d4 d5 3. Nc3 Nf6 4. e5 Nfd7 5. Nf3 c5 6. Bb5 Nc6 7. Bxc6 {C11: French: Classical System: 4 e5 and 4 Bg5 dxe4.} bxc6 8. O-O $1 cxd4 9. Qxd4 {Black is slightly better.} Ba6 $5 {[%mdl 4] Exploring less charted territory.} 10. Re1 {[#]} Qb6 $146 ({Predecessor:} 10... Bc5 11. Qf4 Qb6 12. Ng5 O-O-O 13. Na4 Qb4 14. Qxb4 Bxb4 15. c3 Nc5 16. Nxc5 Bxc5 {½-½ (31) Kondrashova,N-Bulgakov,N Cheliabinsk 2009}) 11. Qg4 Rg8 (11... Rc8 $11) 12. Ng5 Qb4 {[#]} ({Better is} 12... Be7 $1 $14) 13. Qf3 (13. Qh5 $1 $18 {[%mdl 512] is more deadly.} g6 14. Qxh7) 13... Qe7 $16 14. Nxh7 f6 (14... Rh8 $16 15. Bg5 Qc5 16. Nxf8 Kxf8) 15. exf6 ({White should try} 15. Bf4 $18) 15... gxf6 16. Nxf8 Nxf8 17. Ne2 O-O-O 18. Nd4 Bb7 19. a4 (19. Nf5 $16 Qh7 20. Ng3) 19... c5 $11 20. Nf5 Qh7 {Strongly threatening ...d4.} 21. Ng3 $1 $36 {[%mdl 2048] White is pushing.} ({Not} 21. Nh6 $2 d4 $19) 21... Qg6 (21... d4 $1 $11 {keeps the balance.} 22. Qd3 (22. Qxf6 Rg6 $11) 22... Qxd3 23. cxd3 Kd7) 22. Qc3 c4 (22... e5 $16 {keeps fighting.}) 23. b3 e5 24. bxc4 d4 25. Qb4 Ne6 26. Rb1 {[%csl Gb1][%cal Rb4b7]} Rd7 27. c5 (27. Bd2 $18) 27... Rc7 $16 ({Wrong is} 27... Qxc2 $2 28. Bd2 $18) 28. Qc4 Nf4 $2 {[%mdl 8192]} (28... Qf7 $14) 29. Bxf4 $18 exf4 30. Qe6+ Kd8 {[#]} (30... Kb8 $18 31. c6 {[%mdl 64] Pin} fxg3 32. hxg3 Qf7) 31. Qd6+ (31. Rxb7 $142 $1 Rxb7 32. c6 Qh7 33. Qd6+ {[%mdl 64] Double Attack} Kc8 34. cxb7+ Qxb7 35. Qe6+ {[%mdl 64] Double Attack} Qd7 36. Qxg8+ Kc7 {[#]} 37. Nh5 $1 {[%mdl 512]}) 31... Kc8 32. Qxf4 $2 (32. Re7 Rxe7 33. Qxe7) 32... Qxc2 33. Qd6 {Black must now prevent Qe6+.} Qxc5 $2 (33... Qa2 $18 34. Qxf6 d3 35. Qf5+ Kb8 36. Qxd3 Ka8) 34. Qe6+ {[%mdl 64] Double Attack} Kb8 35. Qxg8+ Rc8 {[#]} 36. Qf7 $1 {[%csl Gb1][%cal Rf7b7]} Rc7 37. Qxf6 (37. Re8+ $142 Rc8 38. Qxb7#) 37... Qd5 38. Ne4 (38. Re8+ $142 Rc8 39. Qf4+ Qe5 40. Qxe5+ Ka8 41. Rxc8+ {[%mdl 64] Back Rank} Bxc8 42. Qb8#) 38... Rf7 39. Qh8+ Kc7 {[%mdl 32768] Accuracy: White = 55%, Black = 28%. . Sensor Board Error (Ke4/e5)?} 0-1

[Event "Aarhusmesterskabet 2020"]
[Site "Aarhus"]
[Date "2020.02.14"]
[Round "2.7"]
[White "Hoiberg, Nina"]
[Black "Marthedal, Anton Mehmet Yildiz"]
[Result "1-0"]
[WhiteElo "2168"]
[BlackElo "1920"]
[Annotator "TA"]
[PlyCount "57"]
[EventDate "2020.02.14"]
[EventType "swiss"]
[EventCountry "DEN"]
[SourceTitle "playchess.com"]
[Source "ChessBase"]
[SourceQuality "1"]

{[%evp 17,56,21,24,19,58,0,0,-10,0,-16,0,-22,-26,-88,-62,-136,-161,-163,-73,-74,-59,-63,-45,-37,66,75,64,27,76,62,227,225,220,216,205,175,153,77,29997,29998,29999]} 1. e4 c6 2. d4 d5 3. exd5 cxd5 4. c4 Nf6 5. Nc3 Nc6 {[%cal Bb8c6,Bc6b4,Bb4d5,Bd5c3][%mdl 32]} 6. Nf3 dxc4 7. Bxc4 e6 8. O-O Be7 9. Bf4 O-O 10. Re1 {E57: Nimzo-Indian: Rubinstein: Main Line: 7...Nc6 8 a3 dxc4 9 Bxc4 cxd4.} Nb4 11. h3 (11. Ne5 $14) 11... Nbd5 $11 {[#]} 12. Bh2 $146 {The position is equal.} ({Predecessor:} 12. Be5 Bd7 13. Nxd5 Nxd5 14. Bxd5 exd5 15. Bc7 Qxc7 16. Rxe7 Rae8 17. Rxe8 Rxe8 {½-½ (26) Nygaard,V-Lerstad,B Norway 1993}) 12... a6 13. Rc1 b5 14. Bb3 Bb7 15. Bc2 (15. Nxd5 $11 Nxd5 16. Bg3) 15... Rc8 16. Bb1 (16. Be5 $15) 16... Nxc3 $1 $17 17. Rxc3 Bb4 (17... Rxc3 $19 {has better winning chances.} 18. bxc3 Qa5) 18. Rxc8 Qxc8 19. Re3 Rd8 20. Be5 Nd5 {[#]} (20... Be7 $15) 21. Bxh7+ $1 $14 {[%mdl 512]} Kf8 ({Not} 21... Kxh7 $2 22. Ng5+ Kg8 23. Qh5 $1 $18 {[%mdl 512]}) 22. Rb3 Be7 23. Be4 Qd7 $2 {[#]} (23... b4 $14) 24. Bxg7+ $1 $18 {[%mdl 512]} Kxg7 25. Ne5 Qc7 {...Nf6 is the strong threat.} 26. Rg3+ $40 {[%mdl 1152] White has strong compensation. White is out for blood.} Kf8 {[#] White must now prevent ...Bh4.} 27. Qh5 ({White should play} 27. Nxf7 $1 {[%mdl 512]} Ke8 (27... Kxf7 28. Qh5+) 28. Ne5 (28. Nxd8 Kxd8 29. Qd2 Qd6 $16)) 27... Qc1+ $2 {[%mdl 8192]} (27... Bf6 $16) 28. Kh2 {[%csl Ge5][%cal Rh5f7]} Qf4 29. Qh8# {Accuracy: White = 66%, Black = 46%.} 1-0

[Event "Aarhusmesterskabet 2020"]
[Site "Aarhus"]
[Date "2020.02.14"]
[Round "2.8"]
[White "Hardlei, Johan"]
[Black "Iversen, Flemming Pagh"]
[Result "1-0"]
[WhiteElo "2128"]
[BlackElo "1806"]
[Annotator "TA"]
[PlyCount "91"]
[EventDate "2020.02.14"]
[EventType "swiss"]
[EventCountry "DEN"]
[SourceTitle "playchess.com"]
[Source "ChessBase"]
[SourceQuality "1"]

{[%evp 19,91,10,36,48,93,95,95,102,122,129,168,119,158,94,168,83,80,47,43,51,57,16,41,41,122,120,128,27,149,132,218,212,272,244,238,143,141,132,364,370,402,393,469,332,490,485,487,485,469,467,587,526,569,569,579,546,545,536,640,608,633,685,683,627,931,924,1144,1108,1020,930,3020,3054,2326,1708]} 1. d4 g6 2. Nf3 Bg7 3. e3 d6 4. Be2 Nf6 5. O-O O-O 6. b3 Nbd7 7. Bb2 c6 8. c4 Re8 9. Nc3 e5 10. Qc2 e4 11. Nd2 {[%cal Rc3e4] E60: King's Indian: Unusual lines and Fianchetto Variation without Nc3.} d5 12. cxd5 cxd5 {[#]} 13. Nb5 $1 {[#] White is better.} Rf8 $146 ({Predecessor:} 13... Nf8 14. Nc7 Bf5 15. Nxa8 Qxa8 16. Ba3 Ne6 17. Bd6 Qd8 18. Be5 h5 19. Rfc1 a6 {1-0 (48) Milonjic,M (2205)-Sziva,E (2245) Budapest 1991}) 14. Ba3 a6 15. Bxf8 Nxf8 16. Nc3 ({White should try} 16. Qc7 Bd7 17. Qxd8 Rxd8 18. Nc3) 16... Bg4 (16... Ne6 $16 {keeps fighting.} 17. Qb2 b6) 17. f3 (17. Bxg4 $18 {and White stays clearly on top.} Nxg4 18. h3) 17... exf3 $16 18. Bxf3 Bf5 19. Qb2 Ne6 20. Rac1 Ng5 21. Rfe1 Nge4 ({Black should play} 21... h5 $14) 22. Bxe4 dxe4 23. Ne2 (23. Nf1 $16) 23... Qd6 (23... Nd5 $1 $11) 24. Ng3 Ng4 (24... Qe6 $16 {was worth a try.} 25. Nxf5 gxf5) 25. Ndf1 $18 Qd7 26. Nxf5 Qxf5 27. Ng3 Qe6 28. Qc2 Nf6 $2 {[#]} (28... Bh6 $16 {is a better defense.}) 29. Qc7 Nd5 30. Qxb7 Re8 31. h3 h5 (31... Nxe3 {was necessary.} 32. Rxe3 Bxd4) 32. Rc6 {White is clearly winning.} Qe7 33. Qxe7 Rxe7 34. Rxa6 Bh6 35. Nf1 Rc7 36. Ra5 Nb4 37. Rc5 Ra7 38. a4 Kg7 39. Re2 Nd3 40. Rb5 Rc7 41. a5 h4 42. a6 Nc1 43. Re1 Rc2 44. a7 Nd3 45. a8=Q Nxe1 46. Qxe4 {Accuracy: White = 64%, Black = 19%.} 1-0

[Event "Aarhusmesterskabet 2020"]
[Site "Aarhus"]
[Date "2020.02.14"]
[Round "3.1"]
[White "Hoiberg, Nina"]
[Black "Danielsen, Henrik"]
[Result "0-1"]
[WhiteElo "2168"]
[BlackElo "2511"]
[Annotator "TA"]
[PlyCount "83"]
[EventDate "2020.02.14"]
[EventType "swiss"]
[EventCountry "DEN"]
[SourceTitle "playchess.com"]
[Source "ChessBase"]
[SourceQuality "1"]

{[%evp 12,83,39,27,41,49,51,24,22,22,60,16,38,23,36,17,31,12,14,2,7,0,0,0,0,-4,0,-22,-20,-15,-15,-14,-8,-19,-11,-29,-22,-95,-13,-50,-50,-101,-58,-360,-360,-332,-295,-281,-283,-379,-370,-315,-168,-584,-385,-354,-239,-289,-204,-225,-211,-243,-234,-548,-539,-679,-641,-715,-561,-523,-480,-646,-622,-29987]} 1. e4 d6 2. d4 Nf6 3. Nc3 e5 4. Nf3 Nbd7 5. Bc4 Be7 6. O-O O-O 7. h3 a6 {C41: Philidor Defence.} 8. a4 b6 9. Be3 {Recently 9.Qe2 got a lot of attention.} Bb7 {White has an edge.} 10. d5 Re8 {[#]} 11. Qd2 $146 ({Predecessor:} 11. Kh2 Nf8 12. Ng1 Ng6 13. g4 Nd7 14. Nge2 Bg5 15. Bxg5 Qxg5 16. f3 Ndf8 17. Qc1 {½-½ (27) Illetsko,J (2107)-Barth,N (2242) Bayern 2014}) 11... Nf8 12. b4 {[%cal Bb2b4,Bb4b5][%mdl 32]} Ng6 13. b5 a5 14. Be2 Bc8 15. Nh2 h6 16. Rae1 Nh7 17. Bg4 Bg5 18. Bxc8 {Black must now prevent Bf5.} Rxc8 19. Ne2 Bxe3 20. Qxe3 Qg5 21. Ng3 Nf4 22. Nf3 Qf6 23. Nh2 h5 24. Ne2 {[#]} (24. Nf3 $11) 24... Re7 ({Better is} 24... Qg6 $1 $17 {[%csl Gf4][%cal Rg6g2][%mdl 512]} 25. Nxf4 exf4 26. Qxf4 Ng5) 25. Nxf4 exf4 26. Qf3 (26. Qd3 $15) 26... g6 27. g3 $2 {[%mdl 8192]} (27. Re2 $15) 27... Ng5 $19 28. Qd3 {intending h4.} Nxh3+ 29. Kg2 Ng5 30. g4 Rce8 31. f3 Kg7 (31... Qe5 $142 32. Rd1 {[#]} f5 $1 {[%mdl 512]} 33. gxf5 gxf5 34. exf5 Kf7) 32. Kf2 $2 (32. Rg1 {is more resistant.}) 32... Nh3+ 33. Ke2 Qh4 {And now ...Qg3 would win.} 34. Kd2 Ng5 35. Re2 hxg4 36. Nxg4 {[#] Strongly threatening Qc3+.} Nxe4+ $1 {[%mdl 576] Deflection} 37. Rxe4 $2 (37. Kc1 {is a better chance.} Ng3 38. Rh2) 37... Rxe4 {Black is clearly winning.} 38. fxe4 Qxg4 {KQR-KQR} 39. Qc3+ Kg8 {( -> ...Qg2+)} 40. Kc1 Qg5 41. Rh1 {[%csl Gc3][%cal Rh1h8] [#]} Qe5 $1 42. Qxc7 {Accuracy: White = 44%, Black = 63%.} 0-1

[Event "Aarhusmesterskabet 2020"]
[Site "Aarhus"]
[Date "2020.02.14"]
[Round "3.2"]
[White "Ochsner, Bjorn Moller"]
[Black "Hardlei, Johan"]
[Result "1-0"]
[WhiteElo "2472"]
[BlackElo "2128"]
[Annotator "TA"]
[PlyCount "91"]
[EventDate "2020.02.14"]
[EventType "swiss"]
[EventCountry "DEN"]
[SourceTitle "playchess.com"]
[Source "ChessBase"]
[SourceQuality "1"]

{[%evp 9,91,13,33,26,40,23,35,33,40,18,35,15,31,13,14,4,18,18,58,61,69,66,70,-66,110,102,81,80,116,114,125,59,56,59,62,54,61,39,52,44,92,92,92,92,92,92,181,92,112,98,114,117,130,128,153,154,241,203,230,195,196,154,249,176,178,168,258,104,106,104,104,101,104,104,120,114,104,122,120,122,552,508,1308,1245]} 1. e4 c5 2. Nf3 d6 3. Bb5+ Nd7 4. O-O a6 5. Bd3 g6 6. c3 {B51: Sicilian: Moscow Variation (3 Bb5+) without 3...Bd7.} Bg7 7. Bc2 Ngf6 {7...Ne5 is more fashionable.} 8. d4 {White is slightly better.} O-O 9. Qe2 {[#]} Qc7 $146 ({Predecessor:} 9... cxd4 10. cxd4 Nb6 11. Nc3 Bg4 12. h3 Bxf3 13. Qxf3 Nfd7 14. Rd1 Nb8 15. Bb3 Nc6 {1-0 (69) Skawinski,A (2340)-Bogdanov,E (2396) Lvov 2016}) 10. Re1 e5 11. d5 b5 12. b3 Nb6 13. a4 bxa4 14. bxa4 a5 15. Na3 Ba6 16. c4 {[#]} (16. Nb5 $14 Qe7 17. c4) 16... Qd7 $2 (16... Nfxd5 $1 $15 {[%mdl 512]} 17. exd5 (17. cxd5 Bxe2) 17... e4 {[%mdl 64] Discovered Attack}) 17. Nb5 Nh5 18. g3 Bxb5 19. axb5 Qg4 20. Nd2 (20. Ra3 $16) 20... Qxe2 $14 21. Rxe2 f5 22. Bd3 Bh6 23. Kg2 Bxd2 24. Bxd2 fxe4 25. Rxe4 a4 26. Ra3 Rf7 27. Re1 Raf8 (27... Kg7 $16) 28. Be3 ({White should play} 28. Ba5 $1 $18 {[%cal Ra5b6]} Rxf2+ 29. Kg1) 28... Ng7 29. g4 e4 30. Be2 h5 {[#]} 31. h3 $1 hxg4 32. hxg4 Re7 (32... Ne8 $16 33. Kg3 Nf6) 33. Rea1 Ra7 34. Rh1 Ne8 35. Kg3 Rff7 (35... Rh7 $16 {keeps fighting.} 36. Rxh7 Kxh7) 36. Bf4 Rh7 37. Rha1 Rhg7 (37... Rhf7 {was called for.} 38. R1a2 Rae7) 38. Kg2 (38. Bg5 $18 {and White stays clearly on top.}) 38... g5 $16 39. Bg3 Rgd7 40. Re3 Nf6 41. Raa3 Rd8 42. f3 Re7 {[#]} 43. f4 $1 gxf4 44. Bxf4 Nfxd5 $2 {[%mdl 8192]} (44... Rg7 $16) 45. cxd5 $18 Nxd5 (45... Ree8 $142 46. Rh3 Kg7) 46. Bc4 {Accuracy: White = 67%, Black = 58%.} 1-0

[Event "Aarhusmesterskabet 2020"]
[Site "Aarhus"]
[Date "2020.02.14"]
[Round "3.4"]
[White "Fogh, Jens Olaf Svanholm"]
[Black "Nielsen, Viktor Haarmark"]
[Result "1/2-1/2"]
[WhiteElo "2112"]
[BlackElo "2300"]
[Annotator "TA"]
[PlyCount "85"]
[EventDate "2020.02.14"]
[EventType "swiss"]
[EventCountry "DEN"]
[SourceTitle "playchess.com"]
[Source "ChessBase"]
[SourceQuality "1"]

{[%evp 13,85,8,0,-1,-5,-26,-18,-26,-19,-33,-31,-33,-33,-31,-2,-39,-50,-47,-43,-22,13,6,12,9,13,12,42,9,6,2,9,9,9,6,62,65,52,45,100,102,99,89,91,24,22,16,28,15,106,114,98,4,4,0,6,0,2,0,0,0,0,0,0,0,0,0,0,0,0,0,0,0,0,0]} 1. d4 d5 2. Nf3 Nf6 3. e3 Bf5 4. c4 c6 5. Be2 h6 6. O-O e6 7. Nc3 Nbd7 8. Nd2 {D12: Slav Defence: 3 Nf3 Nf6 4 e3 Bf5.} Bd6 9. Re1 O-O 10. Bf3 Qc7 11. h3 {[#]} Rad8 $146 ({Predecessor:} 11... Rfe8 12. e4 dxe4 13. Ndxe4 Bf8 14. Ng3 Bg6 15. Be3 e5 16. d5 e4 17. Be2 Rad8 18. dxc6 {½-½ (48) Pocuca,B (2325)-Messing,H (2430) Pula 1982}) 12. e4 dxe4 13. Ndxe4 Nxe4 14. Nxe4 Bb4 15. Nc3 Nb6 16. Qb3 Be7 17. Be3 Bd3 18. Be2 $36 {[%mdl 2048] White has good play.} Bxe2 19. Rxe2 Nd7 20. Rd1 Nf6 21. Red2 Rd7 22. d5 exd5 23. cxd5 Nxd5 (23... Rfd8 $11) 24. Nxd5 $14 cxd5 25. Bxa7 Bg5 (25... Re8 $14) 26. Rxd5 $16 Rxd5 27. Rxd5 Re8 {[%cal Re8e1] [#]} 28. Be3 (28. g3 $16) 28... Bxe3 $11 29. fxe3 {[%mdl 4096] Endgame KQR-KQR} Qc1+ 30. Rd1 Qxe3+ (30... Qc7 $11 {remains equal.}) 31. Qxe3 $16 Rxe3 $11 {KR-KR} 32. Rd7 ({White should play} 32. Rd8+ $16 Kh7 33. Rd7) 32... b5 {The position is equal.} 33. Rd5 b4 34. Kf2 Re6 35. Rb5 {Rb8+ is the strong threat.} Ra6 36. Rxb4 Rxa2 37. Kf3 g6 38. g4 Kg7 39. h4 Ra1 40. Rb6 Rh1 41. Kg3 Rg1+ 42. Kf3 Rh1 43. Kg3 {Accuracy: White = 80%, Black = 80%.} 1/2-1/2

[Event "Aarhusmesterskabet 2020"]
[Site "Aarhus"]
[Date "2020.02.14"]
[Round "3.5"]
[White "Hansen, Lars Bo"]
[Black "Rossen, Claus"]
[Result "1/2-1/2"]
[WhiteElo "2560"]
[BlackElo "2108"]
[Annotator "TA"]
[PlyCount "68"]
[EventDate "2020.02.14"]
[EventType "swiss"]
[EventCountry "DEN"]
[SourceTitle "playchess.com"]
[Source "ChessBase"]
[SourceQuality "1"]

{[%evp 9,68,-2,23,18,40,30,27,26,29,27,73,55,63,34,74,28,68,58,83,37,39,0,52,60,80,56,62,62,150,133,245,224,317,250,635,638,608,314,300,120,176,77,225,0,0,0,0,-40,-31,-35,0,-74,-12,-9,-1,-36,-39,-34,-28,-25,0]} 1. e4 c5 2. Nc3 Nc6 3. f4 e6 4. Nf3 d5 5. Bb5 dxe4 (5... Nf6 {seems wilder.} 6. d3 Be7 7. O-O Qc7 8. Bxc6+ Qxc6 9. exd5 Nxd5 10. Ne4 O-O) 6. Ne5 {B23: Closed Sicilian: Lines without g3.} Bd7 7. Bxc6 Bxc6 8. Nxc6 {White has an edge.} bxc6 9. Nxe4 Qd5 10. Qe2 Be7 11. d3 Nf6 12. O-O O-O {[#]} 13. Kh1 $146 ({Predecessor:} 13. c4 Qd7 14. Be3 Nxe4 15. dxe4 Rfd8 16. Rad1 Qc7 17. Rd3 Rxd3 18. Qxd3 Rd8 19. Qc2 {1-0 (56) Mednikova,S (2153)-Shushpanova,N (2079) St Petersburg 2003}) 13... Rab8 14. c4 Qd4 15. Rb1 Rfd8 (15... Nxe4 $11 16. dxe4 Rfd8) 16. Nf2 $1 $14 Qd7 17. Be3 Qc7 18. g4 h6 (18... Qd7 $14) 19. g5 $16 hxg5 (19... Nd7 $16 20. gxh6 g6) 20. fxg5 $18 Ne8 (20... Nh7 $142 21. Ne4 f6) 21. Ne4 {Hoping for Rxf7!} f5 $2 (21... g6 22. Qf3 (22. Bxc5 Bxc5 23. Nxc5 Rbc8 $16) (22. Nxc5 Bxc5 23. Bxc5 Ng7 $16) 22... Bd6 23. Nxd6 (23. Nxc5 Bxc5 24. Bxc5 Ng7 $16) 23... Nxd6) 22. gxf6 Nxf6 23. Bf4 e5 {[#]} 24. Bg3 (24. Ng5 $1 $18 {and the rest is easy.}) 24... Rb7 (24... Rf8 $16) 25. Qg2 (25. Rf3 $18 {is more deadly.}) 25... Rxd3 {[#]} (25... Nxe4 $16 {was necessary.} 26. Qxe4 (26. dxe4 Rf8 $16) 26... Bf6) 26. Rf5 $2 ({White must play} 26. Rbe1 $1 $18) 26... Qd7 $11 27. Rbf1 Rd1 {Threatens to win with ...Qxf5.} 28. Rxd1 (28. Rxf6 $5 Bxf6 29. Nxc5 {[%mdl 64] Double Attack} Rxf1+ 30. Qxf1 $11) 28... Qxd1+ 29. Rf1 Qg4 30. Nf2 (30. Re1 $11 {keeps the balance.}) 30... Qe6 (30... Qxc4 $17 31. Bxe5 Qd5) 31. b3 Rd7 32. Ne4 Nxe4 33. Qxe4 Rd2 34. Bxe5 Qh3 {Accuracy: White = 49%, Black = 32%.} 1/2-1/2